[Event "ch-RUS Blitz w 2016"]
[Site "Sochi RUS"]
[Date "2016.10.04"]
[Round "17.6"]
[White "Sukhareva, Evgeniya"]
[Black "Belova, Olga"]
[Result "0-1"]
[BlackTitle "WFM"]
[WhiteElo "2151"]
[BlackElo "2035"]
[WhiteFideId "4167155"]
[BlackFideId "4138422"]
[EventDate "2016.10.04"]

1. d4 d5 2. Nf3 Nf6 3. c4 c6 4. cxd5 cxd5 5. Bf4 Nc6 6. Nc3 a6 7. e3 Bf5 8. Ne5
e6 9. Nxc6 bxc6 10. Qa4 Qb6 11. Be2 Be7 12. O-O O-O 13. b3 c5 14. dxc5 Bxc5 15.
Be5 Ne4 16. Nxe4 Bxe4 17. Rac1 Rfc8 18. Rc3 f6 19. Bg3 e5 20. Rfc1 Bf5 21. a3 d4
22. exd4 exd4 23. Rc4 Be6 24. R4c2 Bxb3 25. Bc4+ Bxc4 26. Rxc4 d3 27. Qd7 Rd8
28. Qg4 d2 29. Rd1 Qb3 30. Rxc5 Rd4 31. Qe2 Re4 32. Qf1 Rae8 33. h4 Re1 34. Rxe1
dxe1=Q 35. Rc8 Qxf1+ 0-1

[Event "ch-RUS Blitz w 2016"]
[Site "Sochi RUS"]
[Date "2016.10.04"]
[Round "17.7"]
[White "Baraeva, Marina"]
[Black "Ambartsumova, Karina"]
[Result "1-0"]
[WhiteTitle "WIM"]
[BlackTitle "WGM"]
[WhiteElo "2173"]
[BlackElo "2280"]
[WhiteFideId "24142573"]
[BlackFideId "4166299"]
[EventDate "2016.10.04"]

1. d4 d6 2. Nf3 g6 3. c4 Bg7 4. Nc3 e5 5. e4 exd4 6. Nxd4 Ne7 7. Be2 Nbc6 8. Be3
O-O 9. O-O f5 10. exf5 Bxd4 11. Bxd4 Nxf5 12. Be3 Nxe3 13. fxe3 Be6 14. Nd5 Bxd5
15. Qxd5+ Kg7 16. c5 Qe7 17. e4 dxc5 18. Rac1 Nd4 19. Bd3 b6 20. e5 Rae8 21.
Rce1 Rxf1+ 22. Bxf1 Rd8 23. Qe4 Qe6 24. b3 Qc6 25. Qh4 Re8 26. Bd3 b5 27. Be4
Qe6 28. Bd3 Rf8 29. b4 Nf5 30. Bxf5 Rxf5 31. bxc5 g5 32. Qd4 Rf4 33. Qd8 Kg6 34.
Qxc7 Rc4 35. Rf1 Rf4 36. Rxf4 gxf4 37. Qd6 Kf5 38. Qxe6+ Kxe6 39. c6 a5 40. Kf2
b4 41. Ke2 a4 42. Kd3 h5 43. Kc4 b3 44. axb3 a3 45. Kc3 h4 46. h3 1-0

[Event "ch-RUS Blitz w 2016"]
[Site "Sochi RUS"]
[Date "2016.10.04"]
[Round "17.8"]
[White "Gritsayeva, Oksana"]
[Black "Potapova, Margarita"]
[Result "0-1"]
[WhiteTitle "WFM"]
[BlackTitle "WFM"]
[WhiteElo "2321"]
[BlackElo "2060"]
[WhiteFideId "14104652"]
[BlackFideId "14126869"]
[EventDate "2016.10.04"]

1. d4 Nf6 2. c4 c5 3. Nf3 cxd4 4. Nxd4 e5 5. Nf3 e4 6. Nd4 Bc5 7. e3 O-O 8. Nc3
Nc6 9. Be2 Nxd4 10. exd4 Bb4 11. O-O d5 12. cxd5 Bxc3 13. bxc3 Nxd5 14. Qb3 Be6
15. c4 Nb6 16. Be3 f5 17. d5 Bf7 18. Rfd1 Be8 19. a4 f4 20. Bc5 Rf5 21. Bg4 Rg5
22. Be6+ Kh8 23. Qc2 Bg6 24. Qc3 Rc8 25. Bxc8 Qxc8 26. Bxb6 Qg4 27. g3 Qh3 28.
Qa3 Rf5 29. Kh1 f3 0-1

[Event "ch-RUS Blitz w 2016"]
[Site "Sochi RUS"]
[Date "2016.10.04"]
[Round "17.9"]
[White "Belenkaya, Dina"]
[Black "Vasilevich, Irina"]
[Result "1-0"]
[WhiteTitle "WFM"]
[BlackTitle "IM"]
[WhiteElo "2313"]
[BlackElo "2285"]
[WhiteFideId "24142654"]
[BlackFideId "4141296"]
[EventDate "2016.10.04"]

1. e4 c5 2. Nf3 e6 3. c4 Nc6 4. Nc3 Nd4 5. Nxd4 cxd4 6. Ne2 e5 7. Ng3 g6 8. Be2
d6 9. d3 h5 10. O-O h4 11. Nh1 Bh6 12. f4 exf4 13. Bxf4 Bxf4 14. Rxf4 Qg5 15.
Qf1 Be6 16. Qf3 Ne7 17. Rf1 O-O-O 18. Nf2 Nc6 19. Nh3 Qa5 20. Qf2 g5 21. Rf6
Rdg8 22. b4 Qxb4 23. Kh1 Qa5 24. Bd1 Qc5 25. Qb2 Ne5 26. Be2 Nd7 27. R6f2 Qe5
28. Rb1 Nc5 29. Rff1 Qg7 30. Qa3 Kb8 31. Rb5 Qe5 32. Qb2 Bd7 33. Rb4 Rh6 34. Ng1
g4 35. Rxf7 Bc8 36. Qc1 Rf6 37. Rxf6 Qxf6 38. Qf1 Qe7 39. a4 Rf8 40. Qd1 Qg5 41.
a5 a6 42. Rb6 Kc7 43. Rb2 Rf2 44. Qe1 g3 45. h3 Qe3 46. Rd2 Bd7 47. Nf3 Qh6 48.
Bd1 Rxd2 49. Qxd2 Qxd2 50. Nxd2 Nxd3 51. Nf3 Nf2+ 52. Kg1 Nxd1 53. Nxd4 Ne3 54.
Nf3 Nxc4 55. Nxh4 Nd2 56. Ng6 Nxe4 57. h4 Bg4 58. Ne7 Kd7 59. Nd5 Kc6 60. Ne3
Be2 61. Nf5 Kc5 62. Ng7 d5 63. h5 d4 64. h6 Ng5 65. Ne6+ Nxe6 66. h7 d3 67. h8=Q
Nd4 68. Qe5+ Kc4 69. Qc7+ Kb3 70. Qxb7+ Kc2 71. Qc7+ Kd1 72. Qc3 Nc2 73. Qb3 Kd2
74. Qb2 Bd1 75. Kf1 Be2+ 76. Kg1 Ke3 77. Qc1+ Kd4 78. Qd2 Ne3 79. Kh1 Nc4 80.
Qf4+ Kc3 81. Qc1+ Kb3 82. Qb1+ Kc3 83. Qc1+ Kd4 84. Qf4+ Kc5 85. Qc1 Kb4 86.
Qe1+ Ka4 87. Qa1+ Kb5 88. Qe1 Kc5 89. Qc3 Kb5 90. Qe1 Kc5 91. Qg1+ Kb4 92. Qe1+
Kb3 93. Qxg3 Kc2 94. Qg6 Kc1 95. Qc6 1-0

[Event "ch-RUS Blitz w 2016"]
[Site "Sochi RUS"]
[Date "2016.10.04"]
[Round "17.10"]
[White "Nebolsina, Vera"]
[Black "Sazonova, Anastasia"]
[Result "1-0"]
[WhiteTitle "WGM"]
[BlackTitle "WFM"]
[WhiteElo "2219"]
[BlackElo "2115"]
[WhiteFideId "4163591"]
[BlackFideId "24131008"]
[EventDate "2016.10.04"]

1. Nf3 d5 2. g3 c6 3. Bg2 Bg4 4. d4 e6 5. Nbd2 Bd6 6. e4 Ne7 7. h3 Bxf3 8. Bxf3
O-O 9. O-O Nd7 10. e5 Bc7 11. Be2 c5 12. c3 f6 13. exf6 Rxf6 14. Nf3 Qf8 15. Bg5
Rf5 16. Be3 c4 17. Nh4 Rf7 18. Bh5 g6 19. Bg4 Nf5 20. Nxf5 gxf5 21. Bh5 Rg7 22.
Bh6 Rxg3+ 23. fxg3 Qxh6 24. Qf3 Nf6 25. g4 Rf8 26. Kh1 Kh8 27. Rae1 Ne4 28. g5
Qxg5 29. Rg1 Qf6 30. Rg2 Qh6 31. Reg1 Qf6 32. Qe2 Qh4 33. Qf3 Qf6 34. Qe3 Qh4
35. Bf7 Ng3+ 36. Rxg3 Bxg3 37. Rxg3 f4 38. Qe5+ 1-0

[Event "ch-RUS Blitz w 2016"]
[Site "Sochi RUS"]
[Date "2016.10.04"]
[Round "17.11"]
[White "Nechaeva, Marina"]
[Black "Pavlova, Natalia"]
[Result "1-0"]
[WhiteTitle "IM"]
[WhiteElo "2428"]
[BlackElo "1990"]
[WhiteFideId "4149351"]
[BlackFideId "24135615"]
[EventDate "2016.10.04"]

1. d4 d5 2. c4 c6 3. Nc3 Nf6 4. e3 e6 5. Nf3 Nbd7 6. Bd3 dxc4 7. Bxc4 b5 8. Bd3
a6 9. e4 c5 10. e5 Nd5 11. Nxd5 exd5 12. O-O Be7 13. dxc5 Nxc5 14. Bc2 O-O 15.
Nd4 Qc7 16. f4 Ne4 17. Be3 Bc5 18. Rc1 Qb6 19. Rf3 Bg4 20. Qd3 Bxf3 21. gxf3
Bxd4 22. Bxd4 Qg6+ 23. Kh1 Rfd8 24. Rg1 Qh5 25. fxe4 dxe4 26. Qxe4 Rac8 27. e6
Rxd4 28. Qxd4 Qf3+ 29. Rg2 Qf1+ 30. Qg1 Qxg1+ 31. Kxg1 fxe6 32. Re2 Kf7 33. Bb3
Rc6 34. f5 1-0

[Event "ch-RUS Blitz w 2016"]
[Site "Sochi RUS"]
[Date "2016.10.04"]
[Round "17.12"]
[White "Shaydullina, Sandugach"]
[Black "Gvanceladze, Anna"]
[Result "1-0"]
[WhiteTitle "WGM"]
[BlackTitle "WFM"]
[WhiteElo "2142"]
[BlackElo "2223"]
[WhiteFideId "4140389"]
[BlackFideId "4113721"]
[EventDate "2016.10.04"]

1. Nf3 Nf6 2. c4 e6 3. d4 Bb4+ 4. Bd2 Qe7 5. g3 Nc6 6. Nc3 d6 7. Bg2 O-O 8. O-O
e5 9. d5 Nb8 10. e4 a5 11. Re1 Na6 12. a3 Bxc3 13. Bxc3 Nc5 14. Qc2 a4 15. Nd2
Bd7 16. h3 b5 17. Kh2 Rfb8 18. f4 exf4 19. gxf4 bxc4 20. e5 Nh5 21. Nxc4 dxe5
22. fxe5 Qg5 23. e6 Bb5 24. exf7+ Kxf7 25. Qf2+ Kg8 26. Qxc5 Qg3+ 27. Kh1 Nf4
28. Rg1 Bd7 29. Qe3 Qh4 30. Be1 Qh6 31. Bd2 Rf8 32. Raf1 Rae8 33. Qg3 Nxh3 34.
Bxh6 1-0

[Event "ch-RUS Blitz w 2016"]
[Site "Sochi RUS"]
[Date "2016.10.04"]
[Round "17.13"]
[White "Semenova, Elena1"]
[Black "Markelova, Lubov"]
[Result "1-0"]
[WhiteTitle "WIM"]
[BlackTitle "WFM"]
[WhiteElo "2256"]
[BlackElo "2133"]
[WhiteFideId "24125148"]
[BlackFideId "24131369"]
[EventDate "2016.10.04"]

1. e4 e6 2. d4 d5 3. Nd2 c5 4. exd5 Qxd5 5. Ngf3 cxd4 6. Bc4 Qd6 7. O-O Nf6 8.
Nb3 Nc6 9. Nbxd4 Nxd4 10. Nxd4 a6 11. c3 Qc7 12. Bb3 Bd6 13. h3 O-O 14. Qf3 Bd7
15. Bg5 Be5 16. Rad1 Bxd4 17. Rxd4 Bc6 18. Qe2 Nd5 19. Bc2 h6 20. Bc1 e5 21. Rg4
Nf6 22. Rg3 Kh8 23. Re1 Rfe8 24. Re3 Bb5 25. Qf3 Rad8 26. Qf5 Bd7 27. Qf3 Bc6
28. Qf5 Bd7 29. Qf3 Bc6 30. Qe2 e4 31. Rg3 Bb5 32. Qe3 Bd3 33. Bb3 Bc4 34. Bxc4
Qxc4 35. Rxg7 Kxg7 36. Qxh6+ Kg8 37. Qg5+ Kf8 38. Qxf6 Kg8 39. Bh6 1-0

[Event "ch-RUS Blitz w 2016"]
[Site "Sochi RUS"]
[Date "2016.10.04"]
[Round "17.14"]
[White "Abramova, Yulia"]
[Black "Makarenko, Alexandra"]
[Result "0-1"]
[BlackTitle "WFM"]
[WhiteElo "1969"]
[BlackElo "2243"]
[WhiteFideId "24104655"]
[BlackFideId "4165055"]
[EventDate "2016.10.04"]

1. e4 e5 2. Nf3 Nc6 3. d4 exd4 4. Nxd4 Qh4 5. Nxc6 Qxe4+ 6. Be2 dxc6 7. O-O Be6
8. Nc3 Qb4 9. a3 Qd6 10. Bd3 O-O-O 11. Qh5 Nf6 12. Qa5 Qc5 13. Qa4 Nd5 14. Nxd5
cxd5 15. b4 Qb6 16. b5 Kb8 17. Bd2 Bc5 18. Ba5 Qd6 19. Bb4 Rhe8 20. Bc3 d4 21.
Bd2 g6 22. Bg5 Rd7 23. Qa5 Bb6 24. Qd2 Bd5 25. a4 Be4 26. a5 Bxd3 27. cxd3 Bc5
28. Bf4 Qf6 29. Rfc1 Bd6 30. Bg5 Qe5 31. g3 Qxb5 32. Rab1 Qa6 33. Rc4 Be5 34.
Rcb4 b6 35. axb6 axb6 36. Rb5 f6 37. Bf4 Rde7 38. Kg2 g5 39. Bxe5 Rxe5 40. R5b4
Qb7+ 41. Kh3 Re2 42. Qc1 Rxf2 43. Qg1 Ree2 44. Rxd4 Qc8+ 45. g4 Rf3+ 46. Qg3
Rxg3+ 47. Kxg3 Qe8 48. Rc4 Qe3# 0-1

[Event "ch-RUS Blitz w 2016"]
[Site "Sochi RUS"]
[Date "2016.10.04"]
[Round "17.15"]
[White "Komiagina, Maria"]
[Black "Diakonova, Ekaterina"]
[Result "1-0"]
[WhiteTitle "WIM"]
[WhiteElo "2247"]
[BlackElo "2321"]
[WhiteFideId "4153987"]
[BlackFideId "24172936"]
[EventDate "2016.10.04"]

1. e4 c6 2. d4 d5 3. e5 Bf5 4. h4 h5 5. Bd3 Bxd3 6. Qxd3 e6 7. Bg5 Qb6 8. Nd2 c5
9. c4 Ne7 10. Ngf3 Nbc6 11. O-O cxd4 12. a3 a5 13. Rac1 Ng6 14. cxd5 Ncxe5 15.
Nxe5 Nxe5 16. Qe4 Bd6 17. dxe6 f6 18. Bf4 Ke7 19. Bxe5 Bxe5 20. f4 Bd6 21. Qg6
d3+ 22. Kh1 Rhf8 23. Qxg7+ Ke8 24. Qd7# 1-0

[Event "ch-RUS Blitz w 2016"]
[Site "Sochi RUS"]
[Date "2016.10.04"]
[Round "18.1"]
[White "Charochkina, Daria"]
[Black "Drozdova, Dina"]
[Result "1-0"]
[WhiteTitle "IM"]
[BlackTitle "WIM"]
[WhiteElo "2366"]
[BlackElo "2242"]
[WhiteFideId "4180917"]
[BlackFideId "4170695"]
[EventDate "2016.10.04"]

1. c4 e5 2. Nc3 Bb4 3. Nd5 Be7 4. d4 d6 5. Nf3 e4 6. Nd2 c6 7. Nxe7 Qxe7 8. e3
Nf6 9. Be2 O-O 10. O-O a5 11. Nb1 Bf5 12. Nc3 Na6 13. a3 Nc7 14. b3 Rfe8 15. Bb2
d5 16. cxd5 Ncxd5 17. Na4 g6 18. h3 h5 19. Rc1 Kg7 20. Qd2 Nd7 21. Nc5 Nxc5 22.
dxc5+ Kg8 23. Bc4 Rad8 24. Qd4 f6 25. Qxf6 Qxf6 26. Bxf6 Rd7 27. Rcd1 Be6 28.
Bb2 Red8 29. Rd4 Nc7 30. Rxd7 Rxd7 31. Rc1 Kf7 32. Be5 Nd5 33. Bd4 Nf6 34. Be5
Nd5 35. Bd6 Nf6 36. Kf1 Bxc4+ 37. Rxc4 b5 38. Rd4 Ke6 39. Ke2 Kf5 40. f3 exf3+
41. gxf3 Ke6 42. e4 Ne8 43. e5 Ng7 44. Rd1 Nf5 45. f4 Ng3+ 46. Kf3 Nf5 47. Ke4
Ng3+ 48. Kf3 Nf5 49. Rg1 Rg7 50. Ke4 Rg8 51. Rg2 Rg7 52. Rg1 Rg8 53. Rg5 Rg7 54.
Rg1 Rg8 55. Kf3 Nh4+ 56. Ke4 Nf5 57. b4 a4 58. Rg2 Rg7 59. Rd2 Rd7 60. Rc2 Rd8
61. Rc1 Rd7 62. Rc2 Rd8 63. Rc1 Rd7 64. Rg1 Rg7 65. Bf8 Rg8 66. Bd6 Rg7 67. Bb8
Rg8 68. Bc7 Rg7 69. Bd8 Rg8 70. Bf6 Rf8 71. Rxg6 Ne7 72. Bxe7+ Kxe7 73. f5 Rd8
74. Rg7+ Kf8 75. f6 Rd1 76. Kf5 1-0

[Event "ch-RUS Blitz w 2016"]
[Site "Sochi RUS"]
[Date "2016.10.04"]
[Round "18.2"]
[White "Pogonina, Natalija"]
[Black "Tomilova, Elena"]
[Result "1/2-1/2"]
[WhiteTitle "WGM"]
[BlackTitle "WIM"]
[WhiteElo "2484"]
[BlackElo "2309"]
[WhiteFideId "4147855"]
[BlackFideId "4162340"]
[EventDate "2016.10.04"]

1. d4 Nf6 2. c4 b6 3. Nc3 Bb7 4. d5 e6 5. e4 Bb4 6. Bd3 Bxc3+ 7. bxc3 d6 8. Ne2
O-O 9. O-O Nbd7 10. f4 e5 11. f5 h6 12. Kh1 Nc5 13. Qc2 Rc8 14. Bd2 Ba6 15. Ng3
c6 16. Be2 cxd5 17. exd5 Nh7 18. Ne4 Nxe4 19. Qxe4 Nf6 20. Qh4 Nxd5 21. f6 Nxf6
22. Bxh6 Nh7 23. Qg3 g6 24. Bd3 Qe7 25. Bxf8 Nxf8 26. Qg4 Qe6 27. Qg3 Qe7 28.
Rf3 Ne6 29. Bxg6 fxg6 30. Qxg6+ Ng7 31. Rh3 Bxc4 32. Qh7+ Kf7 33. Rf3+ Ke8 34.
Qg6+ Kd7 35. Qg4+ Be6 36. Qa4+ Kd8 37. Raf1 a5 38. Rf8+ Ne8 39. Qb5 Rb8 40. Qc6
Bd7 41. Qd5 Be6 42. Qc6 Bd7 43. Qd5 Be6 44. Qc6 Bd7 45. Qd5 1/2-1/2

[Event "ch-RUS Blitz w 2016"]
[Site "Sochi RUS"]
[Date "2016.10.04"]
[Round "18.4"]
[White "Pustovoitova, Daria"]
[Black "Goryachkina, Aleksandra"]
[Result "1-0"]
[WhiteTitle "FM"]
[BlackTitle "WGM"]
[WhiteElo "2386"]
[BlackElo "2460"]
[WhiteFideId "4182146"]
[BlackFideId "4147103"]
[EventDate "2016.10.04"]

1. d4 d5 2. c4 c6 3. Nc3 Nf6 4. Nf3 e6 5. e3 Nbd7 6. Qc2 Bd6 7. Bd3 O-O 8. O-O
dxc4 9. Bxc4 b5 10. Be2 Bb7 11. e4 e5 12. Rd1 Qc7 13. Bg5 h6 14. dxe5 Bxe5 15.
Nxe5 Qxe5 16. Be3 b4 17. Na4 c5 18. f3 Rac8 19. b3 Rfe8 20. Bb5 Re7 21. Nb2 a6
22. Nd3 Qc7 23. Bf4 Qb6 24. Bc4 Nh5 25. Bd2 Qg6 26. Nf4 Nxf4 27. Bxf4 Nf6 28.
Rd6 Rd7 29. Rad1 Rxd6 30. Rxd6 Qh7 31. Qd1 Bc6 32. Rxc6 1-0

[Event "ch-RUS Blitz w 2016"]
[Site "Sochi RUS"]
[Date "2016.10.04"]
[Round "18.5"]
[White "Severina, Maria"]
[Black "Girya, Olga"]
[Result "1/2-1/2"]
[WhiteTitle "WIM"]
[BlackTitle "WGM"]
[WhiteElo "2232"]
[BlackElo "2446"]
[WhiteFideId "4116909"]
[BlackFideId "4195752"]
[EventDate "2016.10.04"]

1. Nf3 d5 2. g3 c6 3. Bg2 Bg4 4. h3 Bxf3 5. Bxf3 e5 6. d3 Nf6 7. O-O Bc5 8. e4
O-O 9. Qe2 Re8 10. c3 Nbd7 11. Bg2 a5 12. Nd2 h6 13. Nf3 Qc7 14. Nh4 Bf8 15. Nf5
Nc5 16. Kh2 Rad8 17. exd5 Nxd5 18. Rd1 Qd7 19. Ne3 Nf4 20. gxf4 exf4 21. Qf3
fxe3 22. Bxe3 Qc7+ 23. Kg1 Nxd3 24. Bd4 Nxb2 25. Rdb1 Nc4 26. Qd3 Ne5 27. Qf5
Qd7 28. Qxd7 Rxd7 29. Bb6 Nc4 30. Bd4 g6 31. a4 Bg7 32. Bxg7 Kxg7 33. Bf1 Nd2
34. Rd1 Red8 35. Bg2 Nc4 36. Rxd7 Rxd7 37. Rb1 f5 38. Bf1 Ne5 39. Be2 Kf6 40.
Kf1 g5 41. Ke1 f4 42. f3 h5 43. Kf2 Kf5 44. Ke1 Nd3+ 45. Bxd3+ Rxd3 46. Ke2 Re3+
47. Kf2 Rxc3 48. Rxb7 Rc2+ 49. Ke1 Ra2 50. Rf7+ Ke5 51. Rg7 Kd4 52. Rxg5 Ke3 53.
Re5+ Kxf3 54. Rxa5 Kg3 55. Rg5+ Kxh3 56. Rxh5+ Kg4 57. Rh6 Ra1+ 58. Kf2 Ra2+ 59.
Kf1 Kf3 60. Rh3+ Ke4 61. Rc3 Kd5 62. Rf3 Rxa4 63. Ke2 Ke4 64. Rc3 Ra2+ 65. Kf1
Ra1+ 66. Ke2 f3+ 67. Kf2 Ra2+ 68. Kf1 Ra6 69. Kf2 Ra2+ 70. Kf1 Ra6 71. Kf2 Kd4
72. Rxf3 c5 73. Ke2 Kc4 74. Kd2 Ra2+ 75. Kc1 Rh2 76. Rg3 Kb4 77. Rf3 Rg2 78. Rh3
Rf2 79. Rg3 c4 80. Rh3 Rf1+ 81. Kc2 Rf2+ 82. Kc1 Rf1+ 83. Kc2 Ra1 84. Kb2 Ra7
85. Rg3 Rb7 86. Kc2 Rf7 87. Rh3 Rf2+ 88. Kc1 Ra2 89. Kb1 Ra7 90. Kc2 Ra2+ 91.
Kb1 Ra3 92. Rxa3 Kxa3 1/2-1/2

[Event "ch-RUS Blitz w 2016"]
[Site "Sochi RUS"]
[Date "2016.10.04"]
[Round "18.6"]
[White "Belova, Olga"]
[Black "Sukhareva, Evgeniya"]
[Result "0-1"]
[WhiteTitle "WFM"]
[WhiteElo "2035"]
[BlackElo "2151"]
[WhiteFideId "4138422"]
[BlackFideId "4167155"]
[EventDate "2016.10.04"]

1. d4 d5 2. Nc3 Nf6 3. Bg5 e6 4. e4 dxe4 5. Nxe4 Be7 6. Bxf6 Bxf6 7. Nf3 O-O 8.
Qd3 g6 9. Nxf6+ Qxf6 10. O-O-O Rd8 11. h4 c5 12. h5 cxd4 13. hxg6 hxg6 14. c3
Nc6 15. cxd4 b6 16. Qe4 Bb7 17. Qh4 Qxh4 18. Rxh4 Nb4 19. Kb1 Kg7 20. a3 Nd5 21.
Bc4 Nf6 22. Ne5 Bxg2 23. f3 Rh8 24. Rxh8 Rxh8 25. Rg1 Bh3 26. Kc2 Bf5+ 27. Kd2
Rh2+ 28. Kc3 Rc2+ 29. Kb3 Rf2 30. Kc3 Nh5 31. b4 Nf4 32. Rf1 Nd5+ 33. Kb3 Bc2+
34. Kb2 Rh2 35. Kc1 Bf5 36. Kd1 Ne3+ 37. Ke1 Nxf1 38. Kxf1 Rb2 39. Nc6 Rc2 40.
Bb5 Bd3+ 41. Bxd3 Rxc6 42. Ke2 Rc3 43. a4 Ra3 44. Bc2 Ra2 45. Kd3 Ra3+ 46. Ke4
Rc3 47. Bd1 Rc4 48. b5 Kf6 49. Bb3 Rc3 50. Bd1 g5 0-1

[Event "ch-RUS Blitz w 2016"]
[Site "Sochi RUS"]
[Date "2016.10.04"]
[Round "18.7"]
[White "Ambartsumova, Karina"]
[Black "Baraeva, Marina"]
[Result "1-0"]
[WhiteTitle "WGM"]
[BlackTitle "WIM"]
[WhiteElo "2280"]
[BlackElo "2173"]
[WhiteFideId "4166299"]
[BlackFideId "24142573"]
[EventDate "2016.10.04"]

1. e4 e6 2. d4 d5 3. Nc3 Nf6 4. e5 Nfd7 5. f4 c5 6. Nf3 a6 7. Be3 Nc6 8. Qd2 b5
9. a3 Qa5 10. Ra2 Bb7 11. dxc5 b4 12. axb4 Qxb4 13. Na4 Qxd2+ 14. Kxd2 Rc8 15.
c3 a5 16. Nb6 Nxb6 17. cxb6 Kd7 18. Bb5 Ra8 19. Rha1 Be7 20. Rxa5 Rxa5 21. Rxa5
Kc8 22. Ra1 f6 23. Bxc6 Bxc6 24. Nd4 Kd7 25. Ra7+ 1-0

[Event "ch-RUS Blitz w 2016"]
[Site "Sochi RUS"]
[Date "2016.10.04"]
[Round "18.8"]
[White "Potapova, Margarita"]
[Black "Gritsayeva, Oksana"]
[Result "0-1"]
[WhiteTitle "WFM"]
[BlackTitle "WFM"]
[WhiteElo "2060"]
[BlackElo "2321"]
[WhiteFideId "14126869"]
[BlackFideId "14104652"]
[EventDate "2016.10.04"]

1. d4 d5 2. Bf4 c5 3. dxc5 e6 4. Nc3 Bxc5 5. e3 Nf6 6. Nb5 Na6 7. Nf3 O-O 8. Bd3
Bd7 9. Nd6 Bc6 10. Nb5 Bxb5 11. O-O Bxd3 12. Qxd3 Nb4 13. Qe2 Nc6 14. a3 Bd6 15.
Bg5 h6 16. Bh4 g5 17. Nxg5 hxg5 18. Bxg5 Be7 19. Bh6 Re8 20. f4 Bf8 21. Bg5 Bg7
22. Rf3 Kf8 23. Rg3 Qd6 24. h4 Ne4 25. Rf3 f6 26. h5 fxg5 27. fxg5+ Kg8 28. h6
Nxg5 29. Rf4 e5 30. hxg7 exf4 31. Qh5 Nh7 32. exf4 Kxg7 33. f5 Qf6 34. Rf1 Ne5
35. Rf4 Ng5 36. Rh4 Rh8 0-1

[Event "ch-RUS Blitz w 2016"]
[Site "Sochi RUS"]
[Date "2016.10.04"]
[Round "18.9"]
[White "Vasilevich, Irina"]
[Black "Belenkaya, Dina"]
[Result "0-1"]
[WhiteTitle "IM"]
[BlackTitle "WFM"]
[WhiteElo "2285"]
[BlackElo "2313"]
[WhiteFideId "4141296"]
[BlackFideId "24142654"]
[EventDate "2016.10.04"]

1. c4 e5 2. Nc3 Nc6 3. g3 Bc5 4. Bg2 d6 5. a3 a6 6. e3 Nge7 7. Nge2 O-O 8. b4
Ba7 9. O-O Be6 10. Nd5 f6 11. Nec3 Bf7 12. b5 axb5 13. cxb5 Nxd5 14. Nxd5 Na5
15. Rb1 c6 16. bxc6 bxc6 17. Nb4 d5 18. d4 Qd6 19. Bb2 Nc4 20. Qc1 Bb6 21. f4
exd4 22. exd4 c5 23. Nc2 Rfb8 24. dxc5 Bxc5+ 25. Bd4 Rxb1 26. Qxb1 Bxd4+ 27.
Nxd4 Nd2 28. Qb7 Rb8 29. Qa7 Nxf1 30. Bxf1 Qb6 31. Qxb6 Rxb6 32. Kf2 Rb2+ 33.
Ke3 Ra2 34. Nb5 Be8 35. Kd4 Bxb5 36. Bxb5 Rxa3 37. Kxd5 Ra2 38. Ke4 Rxh2 39. Kf3
Kf7 40. Bd3 h6 41. Kg4 g6 42. Kf3 f5 43. Bc4+ Kf6 44. Bb5 Rb2 45. Bc6 Rb3+ 46.
Kf2 Ra3 47. Bb5 Ke6 48. Be8 g5 49. fxg5 hxg5 50. Bc6 Ke5 51. Bb7 f4 52. gxf4+
Kxf4 53. Bc6 Ra2+ 54. Kg1 Rb2 55. Bd5 Kg3 56. Bc4 Rb1+ 57. Bf1 Ra1 0-1

[Event "ch-RUS Blitz w 2016"]
[Site "Sochi RUS"]
[Date "2016.10.04"]
[Round "18.10"]
[White "Sazonova, Anastasia"]
[Black "Nebolsina, Vera"]
[Result "0-1"]
[WhiteTitle "WFM"]
[BlackTitle "WGM"]
[WhiteElo "2115"]
[BlackElo "2219"]
[WhiteFideId "24131008"]
[BlackFideId "4163591"]
[EventDate "2016.10.04"]

1. d4 f5 2. g3 Nf6 3. Bg2 g6 4. c3 Bg7 5. Qb3 c6 6. Nd2 d5 7. h4 Nbd7 8. Ndf3
Ng4 9. h5 e5 10. hxg6 hxg6 11. Rxh8+ Bxh8 12. Bg5 Bf6 13. Bxf6 Qxf6 14. dxe5
Ndxe5 15. Nxe5 Qxe5 16. Nf3 Qe7 17. Nd4 Qc7 18. c4 Bd7 19. cxd5 c5 20. Nc2 O-O-O
21. Qf3 Qa5+ 22. Qc3 Qc7 23. Qf3 Ne5 24. Qc3 Bb5 25. O-O-O Ng4 26. Qf3 0-1

[Event "ch-RUS Blitz w 2016"]
[Site "Sochi RUS"]
[Date "2016.10.04"]
[Round "18.11"]
[White "Pavlova, Natalia"]
[Black "Nechaeva, Marina"]
[Result "1-0"]
[BlackTitle "IM"]
[WhiteElo "1990"]
[BlackElo "2428"]
[WhiteFideId "24135615"]
[BlackFideId "4149351"]
[EventDate "2016.10.04"]

1. Nf3 c5 2. g3 g6 3. Bg2 Bg7 4. O-O Nc6 5. c4 d6 6. Nc3 e5 7. d3 Nge7 8. Bd2
O-O 9. Qc1 Rb8 10. Bh6 a6 11. Bxg7 Kxg7 12. a4 f6 13. Nd2 Be6 14. Nd5 Qd7 15. a5
Bh3 16. Nb6 Qe6 17. e3 Rbd8 18. Qc3 h5 19. Nb3 h4 20. d4 hxg3 21. hxg3 cxd4 22.
exd4 exd4 23. Nxd4 Nxd4 24. Qxd4 Bxg2 25. Kxg2 Rh8 26. Rh1 Nc6 27. Qf4 Ne5 28.
Nd5 Rc8 29. b3 g5 30. Qe4 f5 31. Qe2 Kg6 32. f4 gxf4 33. Nxf4+ 1-0

[Event "ch-RUS Blitz w 2016"]
[Site "Sochi RUS"]
[Date "2016.10.04"]
[Round "18.12"]
[White "Gvanceladze, Anna"]
[Black "Shaydullina, Sandugach"]
[Result "1-0"]
[WhiteTitle "WFM"]
[BlackTitle "WGM"]
[WhiteElo "2223"]
[BlackElo "2142"]
[WhiteFideId "4113721"]
[BlackFideId "4140389"]
[EventDate "2016.10.04"]

1. d4 d5 2. Nf3 a6 3. Bf4 g6 4. e3 Bg7 5. Bd3 Nf6 6. h3 O-O 7. O-O c5 8. c3 Nfd7
9. Nbd2 Nc6 10. Qe2 e5 11. dxe5 Ndxe5 12. Nxe5 Nxe5 13. Bc2 Re8 14. Rfd1 Qb6 15.
Rab1 Be6 16. Bxe5 Bxe5 17. Nf3 Bg7 18. Bb3 Rad8 19. Ng5 Bf5 20. Bc2 Bc8 21. Qf3
Qf6 22. Qxf6 Bxf6 23. Nf3 b5 24. Rd2 Bb7 25. Bb3 c4 26. Bc2 a5 27. Nd4 b4 28.
Ba4 Re4 29. Rbd1 Rc8 30. Kf1 Be7 31. Bc2 Re5 32. Ke2 Bc5 33. Nf3 Re7 34. Kf1
bxc3 35. bxc3 Bc6 36. Rb1 Ree8 37. Nd4 Bxd4 38. Rxd4 Rb8 39. Rdd1 Kf8 40. Ke2
Ke7 41. f3 Kd6 42. Kf2 Kc5 43. g4 Rbd8 44. h4 Re7 45. h5 Rde8 46. Re1 Bd7 47.
Re2 f5 48. gxf5 gxf5 49. Rg1 f4 50. e4 Bc6 51. Rg5 Kb6 52. e5 Kc5 53. Rf5 Bd7
54. Rxf4 Rxe5 55. Rxe5 Rxe5 56. Rf7 Be6 57. Rxh7 d4 58. cxd4+ Kxd4 59. h6 Rh5
60. Bg6 Rh2+ 61. Kg3 Rh3+ 62. Kf4 c3 63. Be4 Rh4+ 64. Kg5 Rh2 65. Rc7 Bxa2 66.
h7 Bb3 67. Kg6 c2 68. Kg7 Rg2+ 69. Kf6 Rh2 70. Kg7 Rg2+ 71. Bg6 Rh2 72. h8=Q
Rxh8 73. Kxh8 a4 74. Bxc2 Bxc2 75. Rxc2 a3 76. Ra2 Ke3 77. Rxa3+ Kf4 78. Kg7 Kf5
79. Ra4 Kg5 80. Kf7 Kf5 81. f4 Kg4 82. Ke6 Kh5 83. f5 Kg5 84. f6 Kh6 85. f7 Kg7
86. Rg4+ Kh7 87. Ke7 Kh6 88. f8=Q+ Kh5 89. Qf5+ Kh6 90. Qg6# 1-0